The hidden sun : women of modern Japan /

Bibliographic Details
Main Author: Robins-Mowry, Dorothy, 1921-
Format: Book
Language:English
Published: Boulder, Colo. : Westview Press, 1983.
Subjects:

MARC

Tag First Indicator Second Indicator Subfields
LEADER 00000pam a2200000 a 4500
001 in00000089450
005 20151008063449.0
008 821020s1983 coua b 00110 eng
010 |a  82020230  
020 |a 0865314217 :  |c $30.00 
020 |a 0865314373 (pbk.) :  |c $11.95 
035 |a (OCoLC)08928513 
035 |9 AAK2284AM 
039 0 |a 2  |b 3  |c 3  |d 3  |e 3 
040 |a DLC  |c DLC  |d TXA  |d UtOrBLW 
043 |a a-ja--- 
049 |a TXAM 
050 0 0 |a HQ1762  |b .R6 1983 
082 0 |a 305.4/0952  |2 19 
100 1 |a Robins-Mowry, Dorothy,  |d 1921- 
245 1 4 |a The hidden sun :  |b women of modern Japan /  |c Dorothy Robins-Mowry ; with a foreword by Edwin O. Reischauer. 
264 1 |a Boulder, Colo. :  |b Westview Press,  |c 1983. 
300 |a xxii, 394 pages :  |b illustrations ;  |c 23 cm. 
336 |a text  |b txt  |2 rdacontent 
337 |a unmediated  |b n  |2 rdamedia 
338 |a volume  |b nc  |2 rdacarrier 
500 |a Includes index. 
504 |a Bibliography: pages 363-380. 
650 0 |a Women  |z Japan  |x Social conditions. 
999 |a MARS 
999 f f |s 8d6d7cca-79f7-388f-aac0-5dbc05c26493  |i 204435f6-2fba-385c-b334-9a597e4d3fea  |t 0 
952 f f |p ric  |a Texas A&M University  |b Rellis Campus  |c Joint Library Facility  |d Remote Storage  |t 0  |e HQ1762 .R6 1983  |h Library of Congress classification  |i unmediated -- volume  |m A14807421157 
998 f f |a HQ1762 .R6 1983  |t 0  |l Remote Storage